Основы компьютерной грамотности (Запись № 2394117)

Подробности
000 -МАРКЕР
контрольное поле 02349nam0a2200361 4500
001 - ИДЕНТИФИКАТОР ЗАПИСИ
контрольное поле RU\NLR\bibl\1860511
005 - ИДЕНТИФИКАТОР ВЕРСИИ
контрольное поле 20260409070416.0
010 ## - МЕЖДУНАРОДНЫЙ СТАНДАРТНЫЙ НОМЕР КНИГИ (ISBN)
Номер (ISBN) 978-5-9902853-1-6
Тираж 2000
021 ## - НОМЕР ГОСУДАРСТВЕННОЙ РЕГИСТРАЦИИ
Код страны Российская Федерация
Номер 2011-104159
Номер Листа государственной регистраци 7453
035 ## - ДРУГИЕ СИСТЕМНЫЕ НОМЕРА
Идентификатор записи (NLR Aleph) 001850414
100 ## - ДАННЫЕ ОБЩЕЙ ОБРАБОТКИ
Данные общей обработки 20120126d2011 |||y0rusy50 ca
101 0# - ЯЗЫК РЕСУРСА
Язык текста, звукозаписи и т.д. русский
102 ## - СТРАНА ПУБЛИКАЦИИ ИЛИ ПРОИЗВОДСТВА
Страна публикации Российская Федерация
105 ## - ПОЛЕ КОДИРОВАННЫХ ДАННЫХ: ТЕКСТОВЫЕ МАТЕРИАЛЫ, МОНОГРАФИЧЕСКИЕ
Кодированные данные о монографическом текстовом документе a |||||||||
200 1# - ЗАГЛАВИЕ И СВЕДЕНИЯ ОБ ОТВЕТСТВЕННОСТИ
Основное заглавие Основы компьютерной грамотности
Сведения, относящиеся к заглавию начальный уровень
-- учебное пособие по программе Губернатора Тюменской области по повышению компьютерной грамотности населения "Расширяя горизонты"
Первые сведения об ответственности Гос. автоном. образоват. учреждение Тюменской области "Информационно-образовательный центр" ("РИО-Центр")
Последующие сведения об ответственности [под ред.: Т.С. Григорьевой и др.]
210 ## - ПУБЛИКАЦИЯ, РАСПРОСТРАНЕНИЕ И ДР.
Место издания, распространения и т.д. Тюмень
Имя издателя, распространителя и т. д. Дуб
Дата издания, распространения и т.д. 2011
215 ## - ФИЗИЧЕСКАЯ ХАРАКТЕРИСТИКА
Специфическое обозначение материала и объем 171 с.
Другие сведения о физической характеристике ил., портр.
Размеры 24
225 1# - СЕРИЯ
Основное заглавие серии Программа губернатора Тюменской области по повышению компьютерной грамотности населения Расширяя горизонты
300 ## - ОБЩИЕ ПРИМЕЧАНИЯ
Текст примечания На обл.: Обучающее пособие по курсу: "Основы компьютерной грамотности"
606 1# - НАИМЕНОВАНИЕ ТЕМЫ КАК ПРЕДМЕТ
Наименование темы Компьютеры
Формальный подзаголовок Учебные издания
Системный номер авторитетной/нормативной записи 2078411
Идентификатор авторитетной/нормативной записи RU\NLR\auth\661254265
606 ## - НАИМЕНОВАНИЕ ТЕМЫ КАК ПРЕДМЕТ
Наименование темы INTERNET, глобальная информационная сеть
Формальный подзаголовок Учебные издания
Системный номер авторитетной/нормативной записи 1323271
Идентификатор авторитетной/нормативной записи RU\NLR\auth\66234270
686 ## - ИНДЕКСЫ ДРУГИХ КЛАССИФИКАЦИЙ
Индекс З973.2я7
686 ## - ИНДЕКСЫ ДРУГИХ КЛАССИФИКАЦИЙ
Индекс З988.02я7
702 #1 - ИМЯ ЛИЦА - ВТОРИЧНАЯ ОТВЕТСТВЕННОСТЬ
Код отношения Редактор
Графика поля Кириллица
Материалы, к которым относится поле rus
Начальный элемент ввода Григорьева
Часть имени, кроме начального элемента ввода Т. С.
Дополнения к именам, кроме дат экономист, информ. технологии
Расширение инициалов личного имени Татьяна Сергеевна
Системный номер авторитетной/нормативной записи 105296
Идентификатор авторитетной/нормативной записи RU\NLR\auth\77122371
712 02 - НАИМЕНОВАНИЕ ОРГАНИЗАЦИИ - ВТОРИЧНАЯ ОТВЕТСТВЕННОСТЬ
Код отношения Прочие
Начальный элемент ввода "Информационно-образовательный центр", государственное автономное образовательное учреждение Тюменской области
Системный номер авторитетной/нормативной записи 303099
Идентификатор авторитетной/нормативной записи RU\NLR\AUTH\8810207927
801 #0 - ИСТОЧНИК ЗАПИСИ
Страна Российская Федерация
Организация NLR
Дата составления 20120126
Правила каталогизации RCR
801 #1 - ИСТОЧНИК ЗАПИСИ
Страна Российская Федерация
Организация NLR
Дата составления 20120126
942 ## - ДОПОЛНИТЕЛЬНЫЕ ЭЛЕМЕНТЫ ЗАПИСИ (АБИС)
Тип экземпляра АБИС Книга
980 ## - КОЛЛЕКЦИЯ
Название коллекции Национальная библиография
980 ## - КОЛЛЕКЦИЯ
Название коллекции НБР
Экземпляры
Тип экземпляра Дата поступления Источник поступления Библиотека постоянного хранения Библиотека текущего хранения Место хранения Шифр хранения Штрих-код Статус экземпляра
Книга 26.01.2012 Обязательный экземпляр РНБ (Московский) РНБ (Московский) Русский книжный фонд: издания с 1957 года 2012-7/325 3579986  
Книга 26.01.2012 Обязательный экземпляр РНБ (Московский) РНБ (Московский) Русский книжный фонд: издания с 1957 года 2012-7/325 3579988